International Conference on Electric Utility Deregulation and Restructuring and Power Technologies, London, UK 4-7 April 2000 : proceedings

Saved in:
Bibliographic Details
Corporate Author: International Conference on Electric Utility Deregulation and Restructuring Technologies
Other Authors: Lai, Loi Lei (Editor)
Format: Conference Proceeding Book
Language:English
Published: [Piscataway, NJ] : IEEE, 2000
Subjects:
Tags: Add Tag
No Tags, Be the first to tag this record!

MARC

LEADER 00000nam a2200000 i 4500
001 1/33517
008 030304s2000 eng d
020 |a 0-7803-5902-X 
035 |l 10069528 
040 |a GR-MY-UA  |b gre  |e aacr 
041 0 |a eng 
082 0 |a 621.3815  |2 (21) 
245 1 0 |a International Conference on Electric Utility Deregulation and Restructuring and Power Technologies, London, UK 4-7 April 2000 :  |b proceedings /  |c editor Loi Lei Lai 
260 |a [Piscataway, NJ] :   |b IEEE,   |c 2000 
300 |a 2 τ.;  |b εικ.;  |c 28 εκ. 
504 |a Περιέχει βιβλιογραφία και ευρετήριο 
650 0 0 |a Electric utilities  |x Deregulation  |x Congresses. 
650 0 0 |a Electric power production  |x Congresses. 
700 1 |a Lai, Loi Lei.  |4 edt 
711 2 |a International Conference on Electric Utility Deregulation and Restructuring Technologies  |d (2000  |c London, England) 
852 |a INST  |b LESVOS  |e 20030909  |h 621.3815 INT  |p 005100026832  |q 005100026832  |t BK  |y 0  |z τ.2 
852 |a INST  |b LESVOS  |e 20030304  |h 621.3815 INT  |p 005100026833  |q 005100026833  |t BK  |y 0  |z τ.1 
852 |a INST  |b LESVOS  |e 20030909  |h 621.3815 INT  |p 005100026832  |q 005100026832  |t BK  |v τ.2:  |y 0  |z τ.2 
852 |a INST  |b LESVOS  |e 20030304  |h 621.3815 INT  |p 005100026833  |q 005100026833  |t BK  |v τ.1:  |y 0  |z τ.1 
853 |a INST  |b LESVOS  |h 621.3815 INT 
901 |a BIBL1-2003-3 
909 |a Λ  |b 104209 
909 |a Λ  |b 104210 
922 |a 1ΕΛΗ  |b 200302  |c ΕΠΕΑΕΚ2/ΤΠ  |d ΠΑΠΑΣΩΤΗΡΙΟΥ & ΕΛΕΥΘΕΡΟΥΔΑΚΗΣ 
950 |a 107-2002-10-01 
970 |a ΧΡΙΣΤΟΦΑ  |b ΝΙΚΗ  |z 2003/09/09